Regions Bordering Belgium Map Quiz - Statistics

General Stats
  • This quiz has been taken 488 times
  • The average score is 7 of 9
Answers on the Map
Answers color-coded by a green-red scale on the quiz's map according to % correct below.
 
Answer Stats
Answer % Correct
Hauts-de-France
90%
Luxembourg District
90%
Rhineland-Palatinate
89%
Zeeland
89%
North Rhine-Westphalia
87%
Grand Est
84%
Limburg
79%
North Brabant
75%
Diekirch
58%
No matching quizzes found
Score Distribution
Percent of People with Each Score
Percentile by Number Answered
Your Score History
You have not taken this quiz